书目信息 |
| 题名: |
通信工程师用卷积与傅里叶变换
|
|
| 作者: | 莫里斯 , Maurice 著 ;高志伟 译 | |
| 分册: | ||
| 出版信息: | 北京 科学出版社 1981 |
|
| 页数: | 249页 | |
| 开本: | 19cm | |
| 丛书名: | ||
| 单 册: | ||
| 中图分类: | TN911.1 , N911 | |
| 科图分类: | ||
| 主题词: | 通信-傅里叶变换 , 傅里叶变换-通信 , 自然界--研究 , 自然界--历史 | |
| 电子资源: | ||
| ISBN: | ||
| 000 | 01072nam0 2200337 45 | |
| 001 | 0181003957 | |
| 005 | 20040524161712.9 | |
| 010 | @dCNY1.25 | |
| 091 | @a15031.323 | |
| 100 | @a19950522d1981 emky0chiy0121 ea | |
| 101 | 1 | @achi@ceng |
| 102 | @aCN@b110000 | |
| 105 | @ay z 000yy | |
| 106 | @ar | |
| 200 | 10 | @a通信工程师用卷积与傅里叶变换@Atong xin gong cheng shi yong juan ji yu fu li ye bian huan@f(英)莫里斯(R.D.A.Maurice)著@g高志伟译 |
| 210 | @a北京@c科学出版社@d1981 | |
| 215 | @a249页@d19cm | |
| 300 | @a书名原文:Convolution and fourier transforms for communications engineers | |
| 510 | 1 | @aConvolution and fourier transforms for communications engineers@zeng |
| 606 | @a通信-傅里叶变换 | |
| 606 | @a傅里叶变换-通信 | |
| 606 | 0 | @a自然界@x研究 |
| 606 | 0 | @a自然界@x历史 |
| 690 | @aTN911.1@v3 | |
| 690 | @aN911@v3 | |
| 701 | 1 | @a莫里斯@Amo li si@bR.D.A.@4著 |
| 701 | A1 | @aMaurice@bR.D.A.@4著 |
| 702 | 0 | @a高志伟@Agao zhi wei@4译 |
| 801 | 0 | @aCN@b上海图书馆@c20040524 |
| 801 | 2 | @aCN@bNLC@c20040524 |
| 905 | @f1@b59769@dN911@e10 | |
| 通信工程师用卷积与傅里叶变换/(英)莫里斯(R.D.A.Maurice)著/高志伟译.-北京:科学出版社,1981 |
| 249页;19cm |
| 书名原文:Convolution and fourier transforms for communications engineers |
| ISBN :CNY1.25 |
| ● |
| 相关链接 |
|
|
|
|
正题名:通信工程师用卷积与傅里叶变换
索取号:N911/10
 
预约/预借
| 序号 | 登录号 | 条形码 | 馆藏地/架位号 | 状态 | 备注 |
| 1 | 0059769 | 001200925 | 第三借阅区/ [索取号:N911/10] | 在馆 | |
| 2 | 0059770 | 202103277 | 第二样本阅览室/ [索取号:N911/10] | 在馆 |